000 00994nam a22002897a 4500
003 DO-SdBNP
005 20240508073818.0
007 ta
008 210324b2019 dr ||||gr|||| 00| 0dspa d
020 _a9789945613100
040 _aDO-SdBNP
_bspa
_cBNPHU
082 4 _bR282c
_a863.44
_222
100 1 _aRead, Horacio
_927413
_d1899 - 1982
245 1 4 _aLos civilizadores /
_cHoracio Read; Editor y corrector, Daniel García Santos
260 _aSanto Domingo :
_bArchivo General de la Nación,
_c2019.
300 _a145 p. ;
_c24 cm.
490 _aArchivo General de la Nación.
490 _aJuvenil,
_v13
500 _aIncluye datos biográficos del autor en la solapa de la cubierta.
590 _aInventariado, 2021 / DG / BT /
650 4 _a Literatura dominicana
_978304
650 1 4 _aNovela dominicana
_978305
_vSiglo XX
700 1 _aGarcía Santos, Daniel
_eed.
_981078
830 _979356
_aArchivo General de la Nación ;
_n13
_pJuvenil
910 _aD/G
942 _2ddc
_cLBS1
999 _c49675
_d49675